[Event "Biel"]
[Site "44"]
[Date "2011.07.18"]
[Round "1"]
[White "Pelletier, Yannick"]
[Black "Carlsen, Magnus"]
[Result "0-1"]
[WhiteElo "2590"]
[BlackElo "2821"]
[Annotator "JvR"]
[PlyCount "175"]
[EventDate "2011.07.18"]
[SourceDate "2013.10.27"]

{The forty-fourth Schachfestival was played from 18 until 29 vii 2011. Six
grandmasters carried out double rounds. Soccer scores were used for the first
time. Carlsen was the great star.} 1. d4 Nf6 2. c4 g6 3. Nc3 d5 4. cxd5 Nxd5 5.
e4 Nxc3 6. bxc3 Bg7 7. Nf3 c5 8. Rb1 O-O 9. Be2 b6 10. O-O Bb7 11. d5 Bxc3 12.
Bc4 Bg7 13. Qd3 Qc8 14. Bg5 Re8 15. e5 e6 $5 {Black attacks the centre.} ({
Known is} 15... Ba6) 16. dxe6 fxe6 17. Rbd1 Bxf3 18. Qxf3 Nc6 19. Bb5 Nxe5 (
19... Nd4 $5 20. Rxd4 cxd4 21. Rc1 Qb8 22. Bxe8 Qxe8 {equalises.}) 20. Qe4 Nf7
({Or} 20... Rf8 21. Be7) 21. Bh4 Bd4 $1 22. Rxd4 $2 ({Better is} 22. Bxe8 Qxe8
23. Rfe1 e5 24. Qb7) 22... cxd4 23. Bxe8 Qxe8 24. Qxd4 {
Carlsen has kept the extra pawn.} Rc8 25. Re1 e5 26. Qg4 Rc2 $1 27. h3 Qc6 28.
Bg3 Rxa2 29. Bxe5 Nxe5 30. Rxe5 Ra4 31. Qd1 Rf4 32. Qb3+ Rf7 33. Re7 $1 Qc1+
34. Kh2 Qf4+ 35. Kh1 $1 Kf8 36. Re2 $5 (36. Rxf7+ Qxf7 37. Qc3 Qxf2 38. Qh8+
Ke7 $1 39. Qxh7+ Qf7 {leads to a better queen ending for Black.}) 36... Kg7 37.
Qd5 a5 38. f3 Rc7 39. Re1 Rc1 40. Rxc1 Qxc1+ {
The queen ending is won for Black, but the end will be time consuming.} 41. Kh2
Qc7+ 42. Kh1 Kf6 43. Qd4+ Ke6 44. Qg4+ Kd6 45. Qd4+ Kc6 46. Qe4+ Kb5 47. Qe2+
Qc4 48. Qe8+ Qc6 49. Qe2+ Kc5 50. Qe3+ Kb4 51. Qe1+ Kc4 52. Qe2+ Kc3 53. Qe3+
Kb2 54. Qd2+ Kb1 55. Qd3+ Qc2 56. Qb5+ Ka1 $1 57. Kh2 Qc7+ 58. Kh1 Qc1+ 59. Kh2
Qf4+ 60. Kh1 Qd4 61. Qf1+ Kb2 62. Qe2+ Kc1 63. Qe4 Qc3 64. f4 b5 65. Qe5 Qc4 $5
66. Qa1+ Kc2 67. Qxa5 b4 $1 68. Qa4+ Kb2 69. f5 gxf5 70. Kh2 h5 71. Qd7 Qf4+
72. Kh1 b3 73. Qd3 Qf2 74. Qd5 h4 75. Kh2 Qf4+ 76. Kh1 Kc2 77. Qc5+ Kb1 78. Qb5
b2 79. Qd3+ Ka2 80. Qa6+ Kb3 81. Qb5+ Ka3 82. Qa5+ Qa4 83. Qc5+ Ka2 84. Qd5+
Ka1 85. Qe5 Qe4 86. Qa5+ Kb1 87. Qc3 f4 88. Qd2 {Carlsen made a fine start.}
0-1

[Event "Biel"]
[Site "44"]
[Date "2011.07.19"]
[Round "2"]
[White "Carlsen, Magnus"]
[Black "Shirov, Alexei"]
[Result "1-0"]
[WhiteElo "2821"]
[BlackElo "2714"]
[Annotator "JvR"]
[PlyCount "65"]
[EventDate "2011.07.18"]
[SourceDate "2013.10.27"]

1. Nf3 d5 2. d4 Nf6 3. c4 c6 4. Nc3 e6 5. e3 Nbd7 6. Bd3 dxc4 7. Bxc4 b5 8. Bd3
Bb7 9. O-O a6 10. e4 c5 11. d5 c4 12. Bc2 Qc7 13. Nd4 e5 14. Nf5 g6 15. Nh6 Nh5
16. g3 $1 {Carlsen has prepared an improvement.} (16. Qf3 {
happened in Gelfand - Dreev, Tilburg 1993.}) 16... Bc5 $6 ({Preferable is} 
16... b4 17. Na4 a5) 17. Qf3 Rf8 18. Bd2 Bd4 19. b4 cxb3 20. Bxb3 Qd6 21. Rac1
Ng7 22. a4 f5 $2 {Shirov reaches a lost position quickly.} (22... b4 {
defends properly.}) 23. axb5 f4 $5 24. Ne2 $5 Bb6 25. bxa6 Bxa6 26. Bc4 g5 27.
Bxa6 Rxa6 28. Rc8+ Bd8 29. Nf5 Nxf5 30. exf5 Nf6 31. Qd3 $1 Ra7 32. Qb5+ Qd7
33. Rxd8+ $1 {Carlsen scored his second win.} 1-0

[Event "Biel"]
[Site "44"]
[Date "2011.07.19"]
[Round "2"]
[White "Vachier Lagrave, Maxime"]
[Black "Morozevich, Alexander"]
[Result "0-1"]
[WhiteElo "2722"]
[BlackElo "2694"]
[Annotator "JvR"]
[PlyCount "82"]
[EventDate "2011.07.18"]
[SourceDate "2013.10.27"]

1. c4 Nf6 2. Nc3 d5 3. cxd5 Nxd5 4. e4 Nxc3 5. bxc3 g6 6. d4 Bg7 7. Bc4 c5 8.
Ne2 Nc6 9. Be3 O-O 10. O-O Qc7 11. Rc1 b6 12. Qd2 Bb7 13. Bh6 Rad8 14. Bxg7
Kxg7 15. f4 Qd7 16. Bb5 Qe6 $5 17. f5 Qd6 ({The alternative is} 17... Qxe4 $5
18. Rf4 Qe5 $1 19. Ng3 f6) 18. Bxc6 Bxc6 19. d5 Bd7 20. c4 Qe5 21. Rc3 Rh8 22.
Rh3 $1 f6 23. Qf4 b5 $5 {The exchange of queens should be preferable.} 24. Qh6+
Kf7 25. Nf4 Rdg8 26. Ne6 bxc4 27. Ra3 $6 Qxe4 $1 28. Ng5+ $4 ({Right is} 28.
fxg6+ Rxg6 29. Ng5+ $1 Rxg5 30. Qxg5 Rg8 31. Qh5+ {
with chances for both sides (Milanovic).}) 28... fxg5 29. fxg6+ Ke8 30. Rxa7
hxg6 31. Ra8+ Bc8 32. Qxg5 Kd8 33. d6 Qd4+ 34. Rf2 Qd1+ 35. Rf1 Qd4+ 36. Rf2
Qd1+ 37. Rf1 Qxd6 $1 {Black has gained a piece.} 38. h3 Qd4+ 39. Kh1 Rf8 40.
Re1 Rf6 41. Qg3 Rhf8 {Morozevich grabbed the opportunity.} 0-1

[Event "Biel"]
[Site "44"]
[Date "2011.07.20"]
[Round "3"]
[White "Shirov, Alexei"]
[Black "Caruana, Fabiano"]
[Result "1-0"]
[WhiteElo "2714"]
[BlackElo "2711"]
[Annotator "JvR"]
[PlyCount "125"]
[EventDate "2011.07.18"]
[SourceDate "2013.10.27"]

1. e4 e5 2. Bc4 Nf6 3. d3 c6 4. Nf3 Be7 5. O-O d6 6. Nbd2 O-O 7. Re1 Nbd7 8. a3
h6 9. Nf1 Nh7 $5 {Caruana makes a passive move.} ({Known is} 9... Re8) 10. Ng3
$1 Nb6 11. Bb3 Ng5 12. c3 Bg4 13. d4 $5 Qc8 14. Qd3 $5 Nxf3+ 15. gxf3 Be6 16.
d5 Bh3 17. f4 exf4 18. Bxf4 Qg4 $1 19. Bd2 Bg5 $5 20. f3 Qh4 21. Bxg5 hxg5 22.
dxc6 bxc6 23. Nf5 (23. Qxd6 Rad8 24. Qxc6 Qf4 25. Re2 {slightly favours Black.}
) 23... Bxf5 24. exf5 d5 25. Qd4 Qh6 26. Re2 Rfe8 27. Rae1 Rxe2 28. Rxe2 Qd6
29. c4 c5 $1 {He sacrifices a pawn for the attack.} 30. Qd2 $1 d4 31. Qxg5 d3
32. Re4 Nd7 33. Qe7 Qc6 $2 (33... Qb6 34. Qxd7 Qxb3 35. Re8+ Rxe8 36. Qxe8+ Kh7
37. Qe4 Qd1+ {leads to perpetual check.}) 34. Re3 d2 35. Rd3 Nf6 36. Qe3 Qc7
37. Qxd2 {White has gained a pawn.} Qe5 38. Rd8+ Rxd8 39. Qxd8+ Kh7 40. Qd2 a5
41. Kf1 Kg8 42. Bd1 Qc7 43. Ke1 Qe5+ 44. Be2 Qc7 45. Kd1 Nd7 46. h4 Nf6 47. Kc2
Kh7 48. Kb3 Nd7 49. Ka2 Nf6 50. Bd1 Nh5 51. Ba4 f6 52. Be8 Nf4 53. Qd7 $1 Qb8
54. Bf7 Ne2 55. Bg6+ Kh8 56. h5 Nd4 57. Kb1 Qg8 58. h6 $1 gxh6 59. Qe7 Nxf3 60.
Bf7 Qg1+ 61. Ka2 Ne5 62. Qf8+ Kh7 63. Bg6+ {Shirov played patiently.} 1-0

[Event "Biel"]
[Site "44"]
[Date "2011.07.22"]
[Round "4"]
[White "Carlsen, Magnus"]
[Black "Caruana, Fabiano"]
[Result "1-0"]
[WhiteElo "2821"]
[BlackElo "2711"]
[Annotator "JvR"]
[PlyCount "53"]
[EventDate "2011.07.18"]
[SourceDate "2013.10.27"]

1. e4 e5 2. Nf3 Nc6 3. d4 exd4 4. Nxd4 Bc5 5. Nxc6 bxc6 6. Bd3 Qh4 7. Qe2 Ne7
$5 ({Usual is} 7... Nf6) 8. Nc3 O-O 9. Be3 Bb6 10. O-O d5 11. exd5 Nxd5 12. Bd2
Bd4 13. Rae1 Nb4 14. Qe4 Qxe4 15. Bxe4 Ba6 16. Ne2 Bc5 17. a3 Nd5 18. b4 Bd6
19. Nd4 $5 {Carlsen delivers an interesting positional sacrifice.} Bxf1 20.
Kxf1 Nb6 21. Nxc6 Rfe8 22. a4 Kf8 23. a5 Nc4 24. Bc1 a6 25. f4 $5 Re6 $2 {
Caruana blunders a piece.} (25... Ne3+ $1 26. Rxe3 Bxf4 27. Rf3 Bxc1 28. Bd5 f6
{favours Black.}) 26. Bd5 $1 Rf6 27. Re4 {Carlsen scored his third win.} 1-0

[Event "Biel"]
[Site "44"]
[Date "2011.07.23"]
[Round "5"]
[White "Caruana, Fabiano"]
[Black "Morozevich, Alexander"]
[Result "0-1"]
[WhiteElo "2711"]
[BlackElo "2694"]
[Annotator "JvR"]
[PlyCount "104"]
[EventDate "2011.07.18"]
[SourceDate "2013.10.27"]

1. d4 Nf6 2. c4 e6 3. g3 d5 4. Nf3 dxc4 5. Bg2 a6 6. O-O Nc6 7. e3 Bd7 8. Nc3
Nd5 9. Nd2 Nb6 10. Qe2 Na5 11. Rd1 Bb4 12. Nf3 $5 ({Known is} 12. Nde4) 12...
O-O 13. Bd2 Qe7 14. Ne4 Bb5 $1 {Pawn c4 is precious for Black.} 15. Bc3 $2 (15.
Bxb4 Qxb4 16. Rab1 {gains some compensation for the pawn.}) 15... Na4 $1 16.
Qd2 Nxc3 17. Nxc3 Ba4 $1 18. Rdc1 c5 19. d5 Rad8 20. e4 b5 21. Qe3 Bxc3 22.
Qxc3 b4 $1 23. Qe5 Bb5 24. Rd1 Rd6 25. Rac1 Qd8 26. Qh5 exd5 27. exd5 Rh6 28.
Qf5 Rf6 29. Qe4 Nb7 30. Qc2 Re8 31. Re1 Nd6 32. Rxe8+ Qxe8 33. Re1 Qc8 34. Ne5
Qf5 35. Qxf5 Rxf5 36. Bh3 $5 Rh5 37. Bg4 Rh6 38. Rc1 f6 39. Nc6 f5 $6 {
Black has been spoiling his advantage.} 40. Bd1 $2 (40. Ne7+ Kf7 41. Nxf5 Nxf5
42. Bxf5 {regains the pawn.}) 40... Kf8 41. Bf3 Ne4 42. Bxe4 fxe4 43. Nd8 Ke7
44. Nb7 Rh5 $1 45. Nxc5 e3 $5 46. Re1 ({Or} 46. fxe3 Rxd5 47. Ne4 Re5 48. Nd2
Rxe3 49. Nxc4 Re2) 46... Kd6 47. Ne4+ Kxd5 48. Rxe3 Kd4 $5 49. Nd2 Bc6 50. h4
$5 Ra5 $1 51. a3 bxa3 52. bxa3 Rb5 $1 {
Caruana had ben outplayed and suffered his third loss in a row.} 0-1

[Event "Biel"]
[Site "44"]
[Date "2011.07.23"]
[Round "5"]
[White "Vachier Lagrave, Maxime"]
[Black "Carlsen, Magnus"]
[Result "1-0"]
[WhiteElo "2722"]
[BlackElo "2821"]
[Annotator "JvR"]
[PlyCount "191"]
[EventDate "2011.07.18"]
[SourceDate "2013.10.27"]

1. e4 c5 2. Nf3 Nc6 3. Nc3 e5 4. Bc4 Be7 5. d3 d6 6. Nd2 Bg5 7. Nf1 Bxc1 8.
Rxc1 Nge7 9. Ne3 O-O 10. O-O Ng6 11. Ncd5 Be6 12. c3 $5 ({Known is} 12. g3)
12... Na5 13. Nf5 Kh8 14. g3 Qd7 15. Nde3 Ne7 16. Nxe7 Nxc4 17. dxc4 Qxe7 18.
Qd3 Rad8 19. Rcd1 b6 20. Rd2 Rd7 21. b3 Re8 22. Kg2 Qg5 23. Rfd1 Kg8 24. Qe2
Red8 25. Qf3 Qe7 26. h4 Qf8 27. h5 Qe7 28. h6 g6 29. Nd5 Bxd5 30. Rxd5 {
White has little advantage after the exchanges.} Qg5 31. Rh1 Kf8 32. Qd3 Qf6
33. Qe3 Qe6 34. Rf1 f6 35. b4 Ke8 36. Rfd1 Kf7 37. a4 Ke7 38. a5 $1 Rc8 39. b5
Qg4 40. axb6 axb6 41. Ra1 Rb8 42. f3 Qe6 43. Qd2 Kf7 44. Rd1 Ke7 45. Ra1 Kf7
46. Ra6 Qe7 47. Qe3 Qe6 48. Qc1 g5 49. Qh1 Kg6 $2 ({The counter by} 49... f5 $1
50. Qh5+ Qg6 51. Qxg6+ Kxg6 52. f4 gxf4 53. gxf4 fxe4 54. fxe5 Rf7 55. Rxd6+
Kh5 $1 {leads to equality.}) 50. g4 $1 Kf7 51. Kf2 Ke7 52. Qf1 Kf7 53. Ke3 Kg6
54. Qh1 Kf7 55. Kd3 Ke7 56. Kc2 Qg8 57. Qa1 Qf8 58. Rd1 Rdb7 59. Rh1 Kf7 60.
Kb3 Qe7 61. Qa2 Qd7 62. Ra1 {
The white manoeuvres do no great harm, but Black has to play carefully.} Qe7
63. Qd2 Kg6 64. Qh2 Kf7 65. R1a2 Qd7 66. Qh5+ Kf8 67. Qh1 Kf7 68. Qd1 Kg6 69.
Rd2 Rd8 $1 70. Qh1 Kf7 71. Rda2 Rdb8 72. Ra1 Qe7 73. R6a2 Rd7 74. Qd1 Kg6 75.
Qh1 Kf7 76. Qb1 Rdb7 77. Qd3 Kg6 78. f4 $1 gxf4 79. Qh3 $1 Kf7 80. Ra8 Qe6 $2 (
80... Rd8 81. Rxd8 Qxd8 82. Qh5+ Kg8 {continues the passive defence.}) 81. Qh5+
$1 Kf8 82. Qf5 $5 {Patient play also leads to the win.} (82. Rxb8+ $1 Rxb8 83.
Ra7 {ends the game.}) 82... Qxf5 83. gxf5 Rxa8 84. Rxa8+ Kf7 85. Kc2 Re7 86.
Kd3 Re8 87. Ra7+ Kg8 88. Rg7+ Kf8 ({Or} 88... Kh8 89. Rb7 $1) 89. Rxh7 Kg8 90.
Ra7 Kh8 91. h7 Rb8 92. Ke2 Rd8 93. Kf3 Rc8 94. Kg4 Rd8 95. Kh5 f3 96. Kg6 {
The standings after one cycle became: Carlsen 10/5, Morozevich 9, Vachier
Lagrave and Shirov 6, Pelletier 4, Caruana 2.} 1-0

[Event "Biel"]
[Site "44"]
[Date "2011.07.25"]
[Round "6"]
[White "Carlsen, Magnus"]
[Black "Pelletier, Yannick"]
[Result "1-0"]
[WhiteElo "2821"]
[BlackElo "2590"]
[Annotator "JvR"]
[PlyCount "83"]
[EventDate "2011.07.18"]
[SourceDate "2013.10.27"]

{The contemplation time was 40 moves in 2 hours, followed by 20 moves in one
hour. Thereafter, the players got 15 minutes for the rest of the game plus 20
seconds per move.} 1. e4 e6 2. d4 d5 3. Nc3 dxe4 4. Nxe4 Nd7 5. g3 Be7 6. Bg2
Ngf6 7. Nc3 O-O 8. Nf3 Nd5 $5 9. Qd3 Nb4 10. Qd2 c5 11. O-O cxd4 12. Nxd4 Nb6
13. a3 $1 {Carlsen has gained a plus in a quiet opening.} e5 $5 ({
The alternative is} 13... N4d5 14. Nxd5 Nxd5) 14. axb4 exd4 15. Nb5 Bf6 16. Rd1
Bg4 $5 ({Preferable is} 16... Re8 $1 17. c3 Bg4 18. f3 dxc3 19. Qxd8 Rexd8 20.
Rxd8+ Rxd8 21. fxg4 Rd1+ 22. Kf2 cxb2 23. Bxb2 Rd2+ 24. Kg1 Rxb2 25. Rxa7) 17.
f3 $1 Bf5 18. g4 a6 19. Nxd4 Bxd4+ 20. Qxd4 Bxc2 21. Qxd8 Raxd8 22. Rxd8 Rxd8
23. f4 $1 Rd7 {Check on the first rank is useless.} 24. b5 Rd1+ $2 (24... a5 $1
25. Kf2 a4 {equalises.}) 25. Kf2 axb5 26. Bxb7 f5 27. Bf3 Rd8 28. Ra5 fxg4 29.
Bxg4 Bd3 30. Be6+ Kh8 31. b3 h6 32. Bb2 Nd5 33. Ra7 $1 {
White has a decisive arrack in the endgame.} Nf6 34. Rf7 Rd6 $6 (34... Nh5 35.
Kf3 Bg6 {defends properly.}) 35. f5 $1 Bc2 36. Rf8+ Kh7 37. Bxf6 gxf6 38. Rxf6
Rd2+ 39. Ke3 Rd3+ ({Or} 39... Rxh2 40. Rf7+ Kh8 41. f6 Bg6 42. Rf8+ Kh7 43. f7)
40. Ke2 h5 41. Rf7+ Kh6 42. Rc7 $1 {White is going to gain a piece.} 1-0

[Event "Biel"]
[Site "44"]
[Date "2011.07.26"]
[Round "7"]
[White "Morozevich, Alexander"]
[Black "Vachier Lagrave, Maxime"]
[Result "1-0"]
[WhiteElo "2694"]
[BlackElo "2722"]
[Annotator "JvR"]
[PlyCount "85"]
[EventDate "2011.07.18"]
[SourceDate "2013.10.27"]

1. d4 Nf6 2. c4 g6 3. Nc3 d5 4. Nf3 Bg7 5. Qb3 dxc4 6. Qxc4 O-O 7. e4 Nc6 8.
Be2 e5 9. d5 Nd4 10. Nxd4 exd4 11. Qxd4 c6 12. d6 Re8 $5 (12... Nd5 13. Qd3
Nxc3 14. bxc3 {favoured White in Carlsen - Dominguez Perez, Sofia 2009.}) 13.
Qd3 b5 14. f3 b4 15. Nd1 Re6 16. Qc2 Nh5 $5 (16... Qxd6 {makes more sense.})
17. Be3 $5 (17. Qxc6 Bd7 18. Qb7 {gains an edge.}) 17... Be5 18. g3 Rxd6 19.
Qc5 Bd4 20. Bxd4 Rxd4 21. Ne3 Be6 $2 ({Better is} 21... Qb6 22. Qxb6 axb6 23.
Nc2 Rd6 24. Nxb4 Bb7 {but White gains a pawn.}) 22. Nc2 $1 Rd2 23. Nxb4 Rxb2
24. Qc3 $1 Rxb4 25. Qxb4 Rb8 26. Qc3 Qb6 27. a3 Bh3 28. Bf1 Be6 29. Rd1 Qc7 30.
Kf2 Rb3 31. Qd4 Rxa3 32. Qd8+ Qxd8 33. Rxd8+ Kg7 34. Be2 Nf6 35. Rc1 {
The extra exchange has been activated.} Ra2 36. Ke3 a5 37. Rd2 Ra3+ 38. Rd3 Ra2
39. Rxc6 a4 40. Rcc3 Nd7 41. Ra3 Rb2 42. Rd2 Rb4 43. Rd4 {
Morozevich chased the leader.} 1-0

[Event "Biel"]
[Site "44"]
[Date "2011.07.26"]
[Round "7"]
[White "Pelletier, Yannick"]
[Black "Caruana, Fabiano"]
[Result "0-1"]
[WhiteElo "2590"]
[BlackElo "2711"]
[Annotator "JvR"]
[PlyCount "132"]
[EventDate "2011.07.18"]
[SourceDate "2013.10.27"]

1. d4 Nf6 2. c4 g6 3. Nc3 d5 4. cxd5 Nxd5 5. e4 Nxc3 6. bxc3 Bg7 7. Nf3 c5 8.
Rb1 O-O 9. Be2 Nc6 10. d5 Ne5 11. Nxe5 Bxe5 12. Qd2 e6 13. f4 Bc7 14. O-O exd5
15. exd5 Ba5 16. d6 Rb8 17. Bb2 $5 b5 18. Rbd1 Bd7 19. Bf3 c4 20. Kh1 Bf5 21.
Qd4 Bb6 22. Qd5 Be6 23. Qe5 Qd7 24. Ba3 Rfe8 25. Rfe1 Bf2 26. Rf1 Bb6 27. Rfe1
Bf2 28. Rf1 Bf5 $5 {Caruana avoids a repetition of moves.} 29. Qf6 $6 ({
Right is} 29. Qd5) 29... Be3 $6 (29... Re6 $1 30. Qg5 Bb6 {
gains an advantage (Ftacnik).}) 30. Bd5 Be4 31. Bxe4 $5 Rxe4 32. f5 Rbe8 33. h3
Bh6 34. Bb4 Bg7 35. Qg5 h6 36. Qd2 gxf5 37. Qf2 f4 $5 38. Qc5 Be5 39. Qd5 $6 ({
Correct is} 39. Rfe1) 39... Re3 40. a4 bxa4 41. Qxc4 $5 a5 $5 42. Bxa5 $5 Kh8
$5 43. Rd3 Rxd3 44. Qxd3 Qxd6 45. Qxd6 Bxd6 {Black has a better endgame.} 46.
Bb4 $1 Bc7 $1 47. Ra1 Ra8 48. Kg1 Kg7 49. Kf2 Kf6 50. Ke2 Ke5 51. Kd3 Kd5 52.
Rd1 $2 (52. Ra2 f5 53. c4+ Kc6 54. Re2 {offers more rersistance.}) 52... Be5
53. Kc2+ Kc4 54. Re1 f6 55. Re4+ Kb5 56. Kb2 Rg8 57. Re2 Rg3 58. Rf2 h5 59. Ka2
Re3 60. Kb2 Re1 61. Ka2 Kc4 62. Ka3 Ra1+ 63. Kb2 Rd1 64. Ka3 Re1 $1 65. Ba5 Kd3
66. Kxa4 Re2 $1 {If the rooks are exchanged, Black will win the bishop ending.}
0-1

[Event "Biel"]
[Site "44"]
[Date "2011.07.26"]
[Round "7"]
[White "Shirov, Alexei"]
[Black "Carlsen, Magnus"]
[Result "0-1"]
[WhiteElo "2714"]
[BlackElo "2821"]
[Annotator "JvR"]
[PlyCount "119"]
[EventDate "2011.07.18"]
[SourceDate "2013.10.27"]

1. e4 e5 2. Nf3 Nc6 3. Bb5 Nf6 4. d3 Bc5 5. c3 O-O 6. Bg5 h6 7. Bh4 Be7 8. Nbd2
d6 9. Nf1 $5 Nb8 {Both parties manoeuvre quietly.} 10. Ne3 Ng4 11. Bg3 Nxe3 12.
fxe3 Nd7 13. d4 {Shirov advances in the centre.} Nf6 $1 14. Bd3 Ng4 $1 15. Qe2
Bg5 16. dxe5 (16. h3 $1 Nxe3 17. dxe5 dxe5 18. h4 Bf4 19. Bf2 Nxg2+ 20. Kf1 {
(Carlsen)} Nxh4 21. Bxh4 Qd6 {leads to a battle.}) 16... dxe5 17. Bxe5 Bh4+ 18.
g3 Nxe5 19. Nxe5 Bf6 20. Nf3 Qe7 21. O-O-O c6 $5 22. Nd4 a6 $5 23. Rhf1 c5 24.
Nf5 Bxf5 25. Rxf5 b5 26. Bc2 c4 27. Rfd5 $1 Be5 28. Qh5 Rae8 29. a3 Qa7 {
Carlsen plays for a win.} (29... Bxc3 $5 30. bxc3 Qxa3+ {leads to a perpetual.}
) 30. Kd2 $1 Qb8 31. Ke2 Re6 32. Qh4 Qb6 33. Rd8 Ree8 34. Rxe8 Rxe8 35. Rd5 Qc7
36. a4 $5 Qb6 37. axb5 axb5 38. Qh5 Qb8 39. Rd7 $5 g6 $1 40. Qf3 (40. Qxh6 $5
b4 $1 {looks risky.}) 40... Rf8 41. Kf2 b4 $1 42. Qe2 bxc3 43. bxc3 Qc8 44. Qd2
Bxc3 $1 45. Qd5 Qa6 46. e5 $2 ({Correct is} 46. Bd1 $1 Bb4 47. Kg2 Qa2+ 48. Kh3
Bc3 49. Rc7 Qd2 50. Qxd2 Bxd2 51. Rxc4 Bxe3 {drawn.}) 46... Qa2 47. Qe4 Bxe5 $1
{Black has gained a pawn.} 48. h4 Re8 49. Kg2 h5 $1 50. Kh3 ({The pointe is} 
50. g4 Re6 51. gxh5 Bf6 {and Black wins.}) 50... c3 51. Rd5 Qa6 $1 52. Bd3 (52.
Rxe5 Qf1+ 53. Kh2 Rxe5 54. Qxe5 Qf2+ 55. Kh3 Qxc2 {wins for Black (Carlsen).})
52... Qc8+ 53. Kg2 Bg7 54. Rc5 Qd7 55. Qc4 Rxe3 56. Rc7 Rxg3+ 57. Kxg3 Be5+ 58.
Kf2 Qxc7 59. Qxc7 Bxc7 60. Kf3 {Carlsen kept the lead.} 0-1

[Event "Biel"]
[Site "44"]
[Date "2011.07.27"]
[Round "8"]
[White "Caruana, Fabiano"]
[Black "Shirov, Alexei"]
[Result "0-1"]
[WhiteElo "2711"]
[BlackElo "2714"]
[Annotator "JvR"]
[PlyCount "164"]
[EventDate "2011.07.18"]
[SourceDate "2013.10.27"]

1. e4 e6 2. d4 d5 3. Nd2 c5 4. Ngf3 cxd4 5. exd5 Qxd5 6. Bc4 Qd7 7. O-O Nc6 8.
Nb3 Nf6 9. Nbxd4 Bc5 10. Nxc6 Qxc6 11. Ne5 Qb6 12. Qe2 O-O 13. Bd3 Nd5 $5 14.
Qe4 f5 15. Qe2 Qc7 16. Bc4 $5 Bd6 17. Nf3 Bd7 18. Bxd5 $2 {
He loses the ywo bishops.} exd5 19. Be3 f4 $1 20. Bd4 Bf5 21. Bc3 $6 Rae8 22.
Qd2 Be4 23. Rad1 h6 $1 24. Rfe1 Qf7 25. Qd4 $6 (25. Bd4 b6 26. Rc1 {
avoids the loss of a pawn.}) 25... b6 26. Bb4 (26. Rc1 Qg6 27. Qd1 Re6 {
favours Black positionally.}) 26... Bxb4 27. Qxb4 Bxc2 {
Black has gained as pawn.} 28. Rxe8 Rxe8 29. Re1 Rxe1+ 30. Qxe1 Be4 31. Nd4 $1
f3 $5 32. gxf3 Bxf3 33. Qe6 Qxe6 34. Nxe6 Kf7 35. Nd4 {
White has drawing chances in the ending, due to the blockade in the centre.}
Bg4 36. f3 Bd7 37. Kf2 g5 $1 38. Ke3 h5 39. Ne2 Kf6 40. Nd4 $5 a5 41. a3 a4 42.
Nc2 Ke5 43. Nd4 Be8 44. Ne2 Bg6 45. Nd4 Kd6 46. Kd2 Bh7 47. Ne2 Kc5 48. Kc3 $1
h4 49. Nd4 Kd6 50. Kd2 Bg6 51. b3 $5 axb3 52. Nxb3 Ke5 53. Ke3 Be8 54. Nd4 Bd7
55. Ne2 Bc8 56. Nd4 Kd6 57. Kd3 Ba6+ 58. Kd2 Bf1 59. Nb3 Bh3 60. Nd4 Bd7 61.
Kd3 g4 $1 {Otherwise Black makes no progress.} 62. fxg4 Bxg4 63. Kd2 Ke5 64.
Ke3 Bh5 65. Nc6+ Kd6 66. Nd4 Kc5 67. Kd3 Bg6+ 68. Kc3 Kd6 69. Kd2 Be4 70. Ne2
Ke5 71. Ke3 Kf5 72. Nd4+ Kg4 73. Kf2 Kh3 74. Kg1 Bg2 (74... Bd3 $1 75. Nc6 Bf5
76. Nd4 Kg4 77. Kf2 Kf4 {wins for Black.}) 75. Nf5 Bf3 76. Nd4 Be4 77. Ne6 Kg4
78. Kf2 Bf5 79. h3+ $1 {White creates a new opportunily.} Kxh3 80. Nf4+ Kg4 81.
Nxd5 Be4 82. Nc3 $6 (82. Nf6+ Kf5 83. Ne8 Bc6 84. Nd6+ Ke5 85. Nc4+ Kf4 $1 86.
Kg1 b5 87. Nd2 Bd5 {wins with a great difficulty.}) 82... Bf3 $1 {
Shirov won at last.} 0-1

[Event "Biel"]
[Site "44"]
[Date "2011.07.27"]
[Round "8"]
[White "Vachier Lagrave, Maxime"]
[Black "Pelletier, Yannick"]
[Result "1-0"]
[WhiteElo "2722"]
[BlackElo "2590"]
[Annotator "JvR"]
[PlyCount "85"]
[EventDate "2011.07.18"]
[SourceDate "2013.10.27"]

1. e4 e6 2. d4 d5 3. Nc3 dxe4 4. Nxe4 Nd7 5. g3 Be7 6. Bg2 Ngf6 7. Nxf6+ Bxf6
8. Ne2 O-O 9. O-O Rb8 10. Nc3 $5 b5 11. Qd3 a6 $5 12. a4 $5 b4 13. Ne4 a5 14.
Nxf6+ Nxf6 15. Bg5 Bb7 $5 ({Preferable is} 15... h6 $1 16. Bxf6 Qxf6) 16. Bxb7
Rxb7 17. Rfe1 c6 18. Re5 $1 {White has a plus.} Rd7 19. c3 bxc3 20. bxc3 Rd5
21. Rae1 h6 22. Bxf6 gxf6 $2 {The black queen should capture.} 23. Rxe6 $3 {
Vachier Lagrave delivers a great sacrifice.} fxe6 $5 {Pelletier wants proof.}
24. Qg6+ Kh8 25. Qxh6+ Kg8 26. Qg6+ Kh8 27. Re4 $1 f5 28. Qh6+ $1 ({Not} 28.
Rh4+ $4 Qxh4 29. gxh4 Rg8) 28... Kg8 29. Rxe6 Rd7 30. Rg6+ Kf7 31. Rxc6 $2 {
White misses the decision.} ({Better is} 31. Qh5 $1 Ke7 32. Qe2+ $1 Kf7 33.
Qe6#) 31... Ke8 $2 (31... Rg8 32. Qe6+ Kf8 33. Rc5 Qe8 $1 {defends properly.})
32. d5 $6 Re7 $1 33. c4 f4 34. Qh5+ Rff7 35. Kg2 f3+ 36. Kh3 Qd7+ 37. g4 Kd8
38. Qg5 Rg7 39. Qf4 Ke8 $5 40. Kg3 $1 Qb7 41. Qf5 $1 Rc7 42. Rh6 Rh7 (42... Rg8
43. c5 $1 Rf7 44. Re6+ {continues the white attack.}) 43. Re6+ {
Pelletier played a poor tournament.} (43. Re6+ Rhe7 44. d6 $1 {ends the game.})
1-0

[Event "Biel"]
[Site "44"]
[Date "2011.07.28"]
[Round "9"]
[White "Morozevich, Alexander"]
[Black "Caruana, Fabiano"]
[Result "0-1"]
[WhiteElo "2694"]
[BlackElo "2711"]
[Annotator "JvR"]
[PlyCount "94"]
[EventDate "2011.07.18"]
[SourceDate "2013.10.27"]

1. d4 d5 2. c4 c6 3. Nf3 Nf6 4. Nc3 e6 5. Bg5 h6 6. Bh4 dxc4 7. e4 g5 8. Bg3 b5
9. Ne5 Bb7 10. h4 g4 11. Nxg4 Nxg4 12. Qxg4 Qxd4 13. Qf4 $5 Bb4 $1 {
Caruana counters.} 14. Rd1 Bxc3+ 15. Ke2 $1 Qe5 16. Qxe5 Bxe5 17. Bxe5 Rh7 {
The chances are about equal after the exchanges.} 18. Ke3 Nd7 19. Bg3 O-O-O 20.
Be2 f5 21. Rd6 fxe4 $5 22. Rxe6 $5 Nc5 23. Rg6 h5 24. Rg5 Rd5 25. Rd1 Nd3 26.
b3 {White charges on the queenside.} Ba6 27. bxc4 bxc4 28. Rd2 Kb7 29. Rg8 $6 (
{Preferable is} 29. Rc2 $1 {(Ftacnik).}) 29... Kb6 $1 30. Rc2 $2 (30. Rb8+ $1
Kc5 31. Rb1 {defends properly.}) 30... Ne1 $1 31. Rc1 Nxg2+ 32. Kxe4 Re7+ 33.
Kf3 Nxh4+ $1 34. Bxh4 Rf5+ 35. Kg2 Rxe2 {Caruana has a won position.} 36. a4
Rb2 $6 ({Better is} 36... Re4 37. Bg3 Rg4) 37. Rb8+ $6 (37. a5+ $1 Kc5 38. Be7+
Kd5 39. Rd8+ Ke6 40. Re1+ Re5 41. Rxe5+ Kxe5 42. Rh8 {fights back.}) 37... Bb7
38. Rxc4 c5+ 39. Kh2 Rb1 40. f4 Rd5 41. Rd8 Rbd1 42. Rxd5 Bxd5 43. Rc3 c4 44.
Bf6 Kc5 45. Kg3 Kb4 46. Rc2 a5 47. f5 Rf1 $1 {
Carlsen took a decisive lead on Morozevich.} 0-1